| 000 | 00349nam a2200109Ia 4500 | ||
|---|---|---|---|
| 008 | 171204s9999 xx 000 0 und d | ||
| 245 | _aAudio Production and Critical Listening : Technical Ear Training: | ||
| 245 | _cJason Corey | ||
| 260 | _c2017 | ||
| 650 | _xAUDIO VISUAL POST PRODUCTION | ||
| 856 | _uhttp://down.ebook777.com/057/9781138845947.pdf | ||
| 999 |
_c346249 _d346249 |
||